000 00306nam a22001337a 4500
008 170414b xxu||||| |||| 00| 0 eng d
020 _a072161227
041 _aeng
080 _a618
100 _a10
101 _aSHM
245 _aESSENTIALS OBSTETRICS AND GYNECOLOGY
_cHACKER.N.F
942 _2udc
_cBK
999 _c10783
_d10783